00744nam a22002177a 4500003001100000005001700011008004100028040003900069041000800108082002000116245005400136260003900190300005500229650002200284650003600306650004100342700002600383942000700409952009500416999001500511LK-CoMWRAF20231120133004.0230930b1991 |||||||| |||| 00| 0 eng d aLK-CoMWRAFdLK-CoMWRAFeLK-CoMWRAF aeng a305.48697 bFIN aFinding our way : breadings on women in Pakistan aLahore:b ASR Publications, c1991 axxi, 335 p. : ill. ; 22 cm.bBibliography included aFEMINISM-Pakistan aWomen in development--Pakistan. a Women--Pakistan--Social conditions. a Zafar, Fareeha.eed. cBK 00104070aMAINbMAINd2023-09-30l0o305.48697 FINpRAF1553r2023-09-30w2023-09-30yBK c3760d3760